Obyčejná elita

Titel: Obyčejná elita : historie SS v Dolních Rakousích a na jižní Moravě / Jan Zumr
Verfasser:
Körperschaft:
Veröffentlicht: Praha : Ústav pro studium totalitních režimů, 2021
Umfang: 387 Seiten : Illustrationen, Porträts, Karten ; 25 cm
Format: Buch
Sprache: Deutsch
Schlagworte:
ISBN: 9788088292845
Buchumschlag
X
alg: 48671551
001A    $03004:19-10-21 
001B    $01999:14-11-25 $t09:56:25.000 
001D    $03004:19-10-21 
001U    $0utf8 
001X    $00 
002@    $0Aau 
002C    $aText $btxt $2rdacontent 
002D    $aohne Hilfsmittel zu benutzen $bn $2rdamedia 
002E    $aBand $bnc $2rdacarrier 
003@    $0486715515 
004A    $A978-80-88292-84-5 
006C    $01263274791 $aOCoLC 
006G    $01235824551 
006H    $0TOCNEUA2145 $2DNB 
006U    $022,A04 $f20210621 
007A    $01235824551 $aDNB 
007G    $0DE0200BBFACA26A2ECB81C125878000502389 
009P    $qapplication/pdf $3Literaturverzeichnis $uhttp://bvbr.bib-bvb.de:8991/F?func=service&doc_library=BVB01&local_base=BVB01&doc_number=032788381&sequence=000003&line_number=0002&func_code=DB_RECORDS&service_type=MEDIA $mDigitalisierung BSB München 25 - ADAM Catalogue Enrichment 
009P    $qapplication/pdf $3Register // Personenregister $uhttp://bvbr.bib-bvb.de:8991/F?func=service&doc_library=BVB01&local_base=BVB01&doc_number=032788381&sequence=000005&line_number=0003&func_code=DB_RECORDS&service_type=MEDIA $mDigitalisierung BSB München 25 - ADAM Catalogue Enrichment 
009P    $qapplication/pdf $uhttp://bvb $mDigitalisierung BSB München 25 - ADAM Catalogue Enrichment 
009P    $qapplication/pdf $A2 $3Inhaltsverzeichnis $uhttp://scans.hebis.de/HEBCGI/show.pl?48671551_toc.pdf $mV:DE-603;B:DE-Mb50 
009P    $qapplication/pdf $A2 $3Buch Bibliographie $uhttp://scans.hebis.de/HEBCGI/show.pl?48671551_bib.pdf $mV:DE-603;B:DE-Mb50 
009P    $qapplication/pdf $A2 $3Cover $uhttp://scans.hebis.de/HEBCGI/show.pl?48671551_cov.pdf $mV:DE-603;B:DE-Mb50 
009P    $qapplication/pdf $A2 $3Register $uhttp://scans.hebis.de/HEBCGI/show.pl?48671551_idx.pdf $mV:DE-603;B:DE-Mb50 
009P    $qapplication/pdf $A2 $3Abstract $uhttp://scans.hebis.de/HEBCGI/show.pl?48671551_sum.pdf $mV:DE-603;B:DE-Mb50 
010@    $ager 
010E    $erda 
011@    $a2021 $n2021 
021A    $aObyčejná elita $dhistorie SS v Dolních Rakousích a na jižní Moravě $hJan Zumr 
028A    $BVerfasser $4aut $8Zumr, Jan$Z1988- [Tp3] $9481972420 
029F    $BHerausgebendes Organ $#Ústav pro studium totalitních režimů $#Институт по изучению тоталитарных режимов Чешская Республика $#Institut für das Studium der totalitären Regime $#Institut für das Studium totalitärer Regime $#Institute for the Study of Totalitarian Regimes $#Institute for the Study of Totalitarian Regimes, Czech Republic $#The Institute for the Study of Totalitarian Regimes $#Ústav pro studium totalitních režimů České Republiky $#ÚSTR $#Ústav pro studium totalitních režimů Praha $#Ústav pro studium totalitních režimů České Republiky Praha $#ÚSTR Ústav pro studium totalitních režimů $#Institute for the Study of Totalitarian Regimes Praha $#Institut für das Studium der totalitären Regime Praha $#Institut zur Erforschung totalitärer Regime $4isb $716015883-7 $8Ústav pro studium totalitních režimů [Tb1] $9214065227 
033A    $pPraha $nÚstav pro studium totalitních režimů 
034D    $a387 Seiten 
034I    $a25 cm 
034M    $aIllustrationen, Porträts, Karten 
044K    $#Niederösterreich $#Niederösterreich $#Bundesland Niederösterreich $#Lower Austria $#NÖ $#Österreich unter der Enns $#Österreich nid der Enns $#Kronland Nieder-Oesterreich $#Erzherzogtum Österreich unter der Enns $#Land Niederösterreich $#Oesterreich unter der Enns $#Oesterreich nid der Enns $74075391-8 $8Niederösterreich [Tg1] $9085212857 
044K    $RMähren $#Mähren (Süd) $#Mähren, Süd $#Südmährisches Gebiet $#Jihomoravský kraj $#Bezirk Südmähren $#Südmähren Kraj $#Bezirk Brünn $#Brnenský kraj $#Brünner Gebiet $#Südmährischer Kreis $#Landesbezirk Südmähren $#Landeskreis Südmähren $#Jihomoravský Kraj $74078038-7 $8Südmähren [Tg1] $908522121X 
044K    $RNationalsozialistische Deutsche Arbeiterpartei $RDeutsches Reich $#SS $#Schutzstaffel $#Schutz-Staffel $#Schutzstaffeln $#Deutsches Reich, Reichsführer-SS und Chef der Deutschen Polizei, Schutzstaffel $710162246-6 $8SS [Tb1] $9184827795 
044K    $RFaschismus $RDrittes Reich $#National socialism $#National-socialisme $#Nazionalsocialismo $#Nacionalsocialismo $#National Socialism $#Faschismus $#Nationalsozialismus $#NS $74041316-0 $8Nationalsozialismus [Tsz] $908511314X 
044K    $RDeutsche Arbeiterpartei $RNationalsozialistischer Deutscher Arbeiterverein $#NSDAP $#NSDAP $#National Socialist Party $#Nationalsozialistische Deutsche Arbeiterpartei, Reichsorganisationsleiter $#Nationalsozialistische Deutsche Arbeiterpartei, Reichsausschuss $#Nationalsozialistische Deutsche Arbeiterpartei, Reichsschatzmeister $#Nationalsozialistische Deutsche Arbeiterpartei, Reichspropagandaleitung $#Nationalsozialistische Deutsche Arbeiterpartei, Parteikanzlei $#Nationalsozialistische Deutsche Arbeiterpartei, Oberste Leitung der Parteiorganisation $#Nationalsozialistische Deutsche Arbeiterpartei, Oberste Leitung der PO $#N.S.D.A.P. $71012979-0 $8Nationalsozialistische Deutsche Arbeiterpartei [Tb1] $9041937937 
044K    $#Armed Forces $#Forces armées $#Forze armate $#Fuerzas armadas $#Armeen $74143024-4 $8Armee [Ts1] $9085559695 
045E    $c320 $c940 
045F    $a909 $eDDC23BSB 
045F/01 $a909 
045F/03 $f09043 
045F/03 $f09044 
045F/03 $g436 
045F/03 $g4372 
045R    $aGeschichte 

lok: 48671551 24

exp: 48671551 24 1 #EPN
201B/01 $019-10-21 $t10:17:41.000 
201C/01 $013-07-21 
201U/01 $0utf8 
203@/01 $01161824073 
208@/01 $a19-10-21 $bz 
209A/01 $a21.04062 $du $f050 $h21 04062 $x00 
209C/01 $a21.04062 K $h21 04062 K 
209G/01 $a74253490 $x00 
220C/01 $akon 
247C/01 $8358050-7 Marburg, Bibliothek des Herder-Instituts Marburg $9102600961 

lok: 48671551 78

exp: 48671551 78 1 #EPN
201B/01 $015-11-21 $t13:47:58.000 
201C/01 $015-11-21 
201U/01 $0utf8 
203@/01 $01172931208 
208@/01 $a15-11-21 $be 
209A/01 $a/ $f000 $x00 
209A/01 $ab*p $x01 
220C/01 $aeja 
244Z/01 $#Böhmische Kronländer $#Länder der Böhmischen Krone $#Sudetenland $#Böhmen $#Mähren $#Mährisch-Schlesien $#Österreichisch-Schlesien $#Tschechische Sozialistische Republik Böhmische Länder $#Tschechei Böhmische Länder $#Země koruny české $74069573-6 $8--Tg1--Böhmische Länder $x03 $9085195553 
247C/01 $82080>Marburg/Lahn, Herder-Institut, Forschungsbibliothek, Bibliographieportal $9336309341
LEADER 00000cam a2200000 c 4500
001 486715515
003 DE-603
005 20251114095625.0
007 tu
008 211019s2021 xx |||| | u00||u|ger
015 |a 22,A04  |2 dnb 
016 7 |2 DE-101  |a 1235824551 
020 |a 9788088292845 
035 |a (DE-599)DNB1235824551 
040 |a DE-603  |b ger  |c DE-603  |d DE-603  |e rda 
041 |a ger 
082 0 4 |8 1\u  |a 909  |q DE-101  |2 23/BSB 
084 |a 320  |a 940  |q DE-101  |2 sdnb 
085 |8 1\u  |b 909 
085 |8 1\u  |z 1  |s 09043 
085 |8 1\u  |z 1  |s 09044 
085 |8 1\u  |z 2  |s 436 
085 |8 1\u  |z 2  |s 4372 
100 1 |a Zumr, Jan  |d 1988-  |e Verfasser  |4 aut  |0 (DE-603)481972420  |0 (DE-588)1237703077  |2 gnd 
245 0 0 |a Obyčejná elita  |b historie SS v Dolních Rakousích a na jižní Moravě  |c Jan Zumr 
264 1 |a Praha  |b Ústav pro studium totalitních režimů  |c 2021 
300 |a 387 Seiten  |b Illustrationen, Porträts, Karten  |c 25 cm 
336 |a Text  |b txt  |2 rdacontent 
337 |a ohne Hilfsmittel zu benutzen  |b n  |2 rdamedia 
338 |a Band  |b nc  |2 rdacarrier 
610 1 7 |a SS  |2 gnd  |0 (DE-588)10162246-6  |0 (DE-603)184827795 
610 1 7 |a Nationalsozialistische Deutsche Arbeiterpartei  |2 gnd  |0 (DE-588)1012979-0  |0 (DE-603)041937937 
648 7 |a Geschichte  |2 gnd 
650 7 |a Nationalsozialismus  |0 (DE-588)4041316-0  |0 (DE-603)08511314X  |2 gnd 
650 7 |a Armee  |0 (DE-588)4143024-4  |0 (DE-603)085559695  |2 gnd 
651 7 |a Niederösterreich  |0 (DE-588)4075391-8  |0 (DE-603)085212857  |2 gnd 
651 7 |a Südmähren  |0 (DE-588)4078038-7  |0 (DE-603)08522121X  |2 gnd 
710 2 |a Ústav pro studium totalitních režimů  |e Herausgebendes Organ  |4 isb  |0 (DE-603)214065227  |0 (DE-588)16015883-7  |2 gnd 
856 4 2 |m Digitalisierung BSB München 25 - ADAM Catalogue Enrichment  |q application/pdf  |u http://bvbr.bib-bvb.de:8991/F?func=service&doc_library=BVB01&local_base=BVB01&doc_number=032788381&sequence=000003&line_number=0002&func_code=DB_RECORDS&service_type=MEDIA  |3 Literaturverzeichnis 
856 4 2 |m Digitalisierung BSB München 25 - ADAM Catalogue Enrichment  |q application/pdf  |u http://bvbr.bib-bvb.de:8991/F?func=service&doc_library=BVB01&local_base=BVB01&doc_number=032788381&sequence=000005&line_number=0003&func_code=DB_RECORDS&service_type=MEDIA  |3 Register // Personenregister 
856 4 2 |m Digitalisierung BSB München 25 - ADAM Catalogue Enrichment  |q application/pdf  |u http://bvb 
856 4 2 |m V:DE-603;B:DE-Mb50  |q application/pdf  |u http://scans.hebis.de/HEBCGI/show.pl?48671551_toc.pdf  |3 Inhaltsverzeichnis 
856 4 2 |m V:DE-603;B:DE-Mb50  |q application/pdf  |u http://scans.hebis.de/HEBCGI/show.pl?48671551_bib.pdf  |3 Buch Bibliographie 
856 4 2 |m V:DE-603;B:DE-Mb50  |q application/pdf  |u http://scans.hebis.de/HEBCGI/show.pl?48671551_cov.pdf  |3 Cover 
856 4 2 |m V:DE-603;B:DE-Mb50  |q application/pdf  |u http://scans.hebis.de/HEBCGI/show.pl?48671551_idx.pdf  |3 Register 
856 4 2 |m V:DE-603;B:DE-Mb50  |q application/pdf  |u http://scans.hebis.de/HEBCGI/show.pl?48671551_sum.pdf  |3 Abstract 
924 0 |9 Mb 50  |a (DE-603)1161824073  |b DE-Mb50  |c HES  |d c  |g 21.04062 
924 0 |9 2080  |a (DE-603)1172931208  |b DE-2080  |c HES  |d d  |g /